• 首页
  • 本馆介绍
  • 公告通知
  • 最新文献
  • 馆藏检索
  • 电子资源
  • 读者导购
  • 参考咨询
  • 我的图书馆
  • 登录
  • 详细信息显示
  • 放入我的书架
  • 预约/预借图书
  • 作者相关作品
  • 分类相关作品
  • 丛书相关作品
  • 出版社相关作品

书目信息

  • 表格格式
  • 工作单格式
  • 卡片格式
题名:
书天堂
    
 
作者: 钟芳玲 著
分册:  
出版信息: 北京   中央编译出版社  2017
页数: 287页
开本: 25cm
丛书名:
单 册:
中图分类: G239.1
科图分类:
主题词: 书店--介绍--世界
电子资源:
ISBN: 978-7-5117-3322-1
000 01071nam0 2200265 450
001 6074
005 20180530115102.70
010    @a978-7-5117-3322-1@b精装@dCNY139.00
100    @a20171018d2017 em y0chiy50 ea
101 0  @achi
102    @aCN@b110000
105    @aa z 000yy
200 1  @a书天堂@9shu tian tang@dBook paradise@f钟芳玲[著]@zeng
210    @a北京@c中央编译出版社@d2017
215    @a287页@c图,照片@d25cm
300    @a书话三部曲
305    @a本书简体中文版由钟芳玲小姐授权中央编译出版社独家出版
314    @a钟芳玲,女,目前专事写作并任书业顾问,著有“书话三部曲”——《书店风景》、《书天堂》、《书店传奇》。
330    @a本书是“书话三部曲”中的《书天堂》,是作者继《书店风景》之后所书写的另一本“有关书的书”,记录了作者二十多年间步履不停,遨游西方书世界的见闻;仿佛一部为书走天涯的纪录片,表达了一位爱书之人对书与文字的钟情,对人与书地的礼赞。
510 1  @aBook paradise@zeng
606 0  @a书店@x介绍@y世界
690    @aG239.1@v5
701  0 @a钟芳玲@9zhong fang ling@4著
801  0 @aCN@b91MARC@c20171018
905    @aMuseLib@dG239.1@e102
    
    书天堂=Book paradise/钟芳玲[著].-北京:中央编译出版社,2017
    287页:图,照片;25cm
    书话三部曲
    
    ISBN 978-7-5117-3322-1(精装):CNY139.00
    本书是“书话三部曲”中的《书天堂》,是作者继《书店风景》之后所书写的另一本“有关书的书”,记录了作者二十多年间步履不停,遨游西方书世界的见闻;仿佛一部为书走天涯的纪录片,表达了一位爱书之人对书与文字的钟情,对人与书地的礼赞。
●
相关链接 在E读中查询图书 在五车中查询图书 在当当中查询图书 在豆瓣中查询图书


正题名:书天堂     索取号:G239.1/102         预约/预借

序号 登录号 条形码 馆藏地/架位号 状态 备注
1 1115902   211159020   第一样本阅览室/ [索取号:G239.1/102] 在馆    
2 1115903   211159039   教育系资料室/ [索取号:G239.1/102] 在馆    
唐山师范学院图书馆 欢迎您!
大连网信软件有限公司© 版权所有